000 00355nam a22001577a 4500
003 OSt
008 260224b |||||||| |||| 00| 0 eng d
020 _a9788175993105
082 _a320.54 TAN
100 _aTAGORE,Rabindranath
245 _aNationalism
250 _a1st Ed
260 _aNew Delhi
_bClasses
_c2016
300 _a119p
942 _2ddc
_cREF
999 _c13852
_d13852